Catálogo público

Las semillas agrícolas y hortícolas : producción, control y distribución / (Record no. 167494)

MARC details
000 -CABECERA
campo de control de longitud fija 00629nam a2200253Ia 4500
001 - NÚMERO DE CONTROL
campo de control Z_4424
008 - DATOS DE LONGITUD FIJA--INFORMACIÓN GENERAL
campo de control de longitud fija 220113s1978 xx 000 0 und d
010 ## - NÚMERO DE CONTROL DE LA BIBLIOTECA DEL CONGRESO
Número de control de LC 167494
082 ## - NÚMERO DE LA CLASIFICACIÓN DECIMAL DEWEY
Número de clasificación 631.521 F36y
100 ## - ENTRADA PRINCIPAL--NOMBRE DE PERSONA
Nombre de persona FAO
9 (RLIN) 137368
245 ## - MENCIÓN DE TÍTULO
Título Las semillas agrícolas y hortícolas : producción, control y distribución /
Mención de responsabilidad, etc. por FAO
260 ## - PUBLICACIÓN, DISTRIBUCIÓN, ETC.
Lugar de publicación, distribución, etc. Roma :
Nombre del editor, distribuidor, etc. La organización,
Fecha de publicación, distribución, etc. 1978
300 ## - DESCRIPCIÓN FÍSICA
Extensión 616 p
440 ## - MENCIÓN DE SERIE/PUNTO DE ACCESO ADICIONAL--TÍTULO
Título
500 ## - NOTA GENERAL
Nota general
503 ## - NOTA DE HISTORIA BIBLIOGRÁFICA (BK CF MU) [OBSOLETO]
Nota de historia bibliográfica 131538
650 ## - PUNTO DE ACCESO ADICIONAL DE MATERIA--TÉRMINO DE MATERIA
Término de materia o nombre geográfico como elemento de entrada Legumbres
Subdivisión general Semillas
9 (RLIN) 141720
650 ## - PUNTO DE ACCESO ADICIONAL DE MATERIA--TÉRMINO DE MATERIA
Término de materia o nombre geográfico como elemento de entrada Semilla I. t.
9 (RLIN) 141721
901 ## - ELEMENTOS DE DATOS A LOCAL LDA (RLIN)
a 631.521 F36y
902 ## - ELEMENTOS DE DATOS B LOCAL, LDB (RLIN)
a A
910 ## - DATOS DE OPCIÓN DEL USUARIO (OCLC)
Datos de opción del usuario 1978
942 ## - ELEMENTOS DE PUNTO DE ACCESO ADICIONAL (KOHA)
Tipo de ítem Koha

No items available.